[Event "1st WMSG Rapid Team"]
[Site "Beijing CHN"]
[Date "2008.10.16"]
[Round "9"]
[White "Fier,A"]
[Black "Likavsky,T"]
[Result "1-0"]
[WhiteElo "2581"]
[BlackElo "2498"]

1.e4 d6 2.d4 Nf6 3.Nc3 e5 4.Nf3 Nbd7 5.g4 Nxg4 6.Rg1 Ngf6 7.Bc4 Nb6 8.Bb3 Be6
9.Bxe6 fxe6 10.dxe5 dxe5 11.Qxd8+ Rxd8 12.Nxe5 g6 13.Nd3 a6 14.Bf4 Rd7 15.O-O-O Nh5
16.Be5 Rg8 17.b3 Bd6 18.a4 Bxe5 19.Nxe5 Rd6 20.a5 Nd7 21.Rxd6 cxd6 22.Nc4 Ke7
23.Rd1 Rc8 24.Kb2 Rc6 25.Ne2 Nhf6 26.f3 d5 27.exd5 exd5 28.Nd2 Re6 29.Nd4 Re5
30.f4 Rh5 31.Re1+ Kd6 32.Re6+ Kc7 33.N2f3 Kd8 34.Ka3 Ne4 35.Kb4 Ndc5 36.Rb6 Kc7
37.h4 Kc8 38.Ka3 Kc7 39.b4 Nd7 40.Re6 Kd8 41.Kb3 Nf8 42.Rb6 Kc7 43.c4 dxc4+
44.Kxc4 Nd6+ 45.Kc3 Rd5 46.Ne5 Nd7 47.Ne6+ Kc8 48.Nxd7 Kxd7 49.Nf8+ Kc7 50.Nxh7 Rh5
51.Nf8 Rxh4 52.Nxg6 Rg4 53.Nf8 Nb5+ 54.Kd3 Nd6 55.Ke2 Rg3 56.Ne6+ Kd7 57.Nc5+ Kc7
58.Rxd6  1-0

[Event "24th ECC"]
[Site "Kallithea GRE"]
[Date "2008.10.17"]
[Round "1"]
[White "Jeitz,C"]
[Black "Bezold,M"]
[Result "0-1"]
[WhiteElo "2251"]
[BlackElo "2513"]

1.e4 d6 2.d4 Nf6 3.Nc3 Nbd7 4.Nf3 e5 5.Bc4 Be7 6.O-O O-O 7.Re1 a6 8.a3 b6
9.b3 Bb7 10.Bb2 c6 11.Bd3 exd4 12.Nxd4 g6 13.Nb1 Re8 14.Nd2 Bf8 15.f3 Bg7
16.Rb1 b5 17.Kh1 h5 18.c4 Nc5 19.Qc2 b4 20.h3 h4 21.Nf1 Nh5 22.Ne2 Be5 23.Bc1 Ne6
24.Be3 c5 25.Qd2 Qf6 26.Nh2 Ng3+ 27.Kg1 Nxe2+ 28.Qxe2 Nf4 29.Qc2 Bc8 30.Bf1 Bd4
31.Bxd4 Qxd4+ 32.Qf2 Qf6 33.Red1 Ra7 34.Rd2 Rae7 35.Rbd1 Rd8 36.Kh1 Re5 37.Ng4 Bxg4
38.hxg4 Kf8 39.g3 hxg3 40.Qxg3 Ree8 41.Rh2 g5 42.Qf2 Qc3 43.Rb1 Ne6 44.Rh3 Ke7
45.Qb2 Rh8 46.Qxc3 Rxh3+ 47.Bxh3 bxc3 48.Bf1 Rb8 49.Bd3 Nd4 50.Kg2 c2  0-1

[Event "24th ECC"]
[Site "Kallithea GRE"]
[Date "2008.10.17"]
[Round "1"]
[White "Hernandez Cid,C"]
[Black "Martin Alvarez,I"]
[Result "0-1"]
[WhiteElo "2065"]
[BlackElo "2212"]

1.e4 d6 2.d4 Nf6 3.Nc3 e5 4.dxe5 dxe5 5.Qxd8+ Kxd8 6.Bg5 Be6 7.O-O-O+ Kc8
8.Nf3 Nbd7 9.a3 a6 10.Ne1 h6 11.Bh4 g5 12.Bg3 Nh5 13.f3 Nxg3 14.hxg3 b5 15.g4 c6
16.Nd3 f6 17.Be2 Nb6 18.Nb4 Kc7 19.Rh2 a5 20.Nd3 b4 21.Nb1 c5 22.axb4 axb4
23.b3 c4 24.bxc4 Nxc4 25.Nb2 Nxb2 26.Kxb2 Ra2+ 27.Kc1 b3 28.Bd3 Bc5 29.Nc3 Ba3+
30.Kd2 bxc2 31.Bxc2 Rd8+  0-1

[Event "1st Bobotsov Mem"]
[Site "Sofia BUL"]
[Date "2008.10.17"]
[Round "3"]
[White "Mrdja,M"]
[Black "Georgiev,Vl"]
[Result "0-1"]
[WhiteElo "2401"]
[BlackElo "2517"]

1.e4 d6 2.d4 Nf6 3.Nc3 e5 4.dxe5 dxe5 5.Qxd8+ Kxd8 6.Bc4 Ke8 7.Bg5 Nbd7 8.O-O-O c6
9.a4 a5 10.Nge2 Be7 11.f3 Nb6 12.Bb3 Nfd7 13.Be3 Bc5 14.Bd2 Bb4 15.Kb1 Ke7
16.Be3 Bc5 17.Bd2 Nf8 18.Nc1 Be6 19.Nd3 Bd4 20.Bxe6 Nxe6 21.b3 Nd7 22.Ne2 b5
23.axb5 cxb5 24.Nxd4 Nxd4 25.Be3 Ne6 26.Rd2 f6 27.Rhd1 Rhd8 28.Kb2 Ra6 29.g3 Rd6
30.c3 Ndc5 31.Nxc5 Rxd2+ 32.Rxd2 Rxd2+ 33.Bxd2 Nxc5 34.Be3 Nd3+ 35.Ka2 g5
36.Bd2 h5 37.Kb1 g4 38.Kc2 Nc5 39.Be3 Kd6 40.b4 axb4 41.cxb4 Na6 42.fxg4 hxg4
43.Bd2 Ke6 44.Kd3 f5 45.Ke3 Nc7  0-1

[Event "1st Bobotsov Mem"]
[Site "Sofia BUL"]
[Date "2008.10.18"]
[Round "4"]
[White "Filev,G"]
[Black "Mrdja,M"]
[Result "1-0"]
[WhiteElo "2375"]
[BlackElo "2401"]

1.e4 d6 2.d4 Nf6 3.Nc3 c6 4.f4 Qa5 5.Bd3 e5 6.Nf3 Bg4 7.Be3 Nbd7 8.O-O Be7
9.h3 Bxf3 10.Qxf3 O-O 11.a3 a6 12.g4 exf4 13.Bxf4 Ne8 14.Kh1 Qd8 15.e5 d5
16.Ne2 Nc7 17.Be3 Ne6 18.Ng3 Bg5 19.c3 g6 20.Rae1 Bxe3 21.Qxe3 Qh4 22.Kg2 Rae8
23.Ne2 f6 24.exf6 Nxf6 25.Qg3 Qh6 26.Rd1 Ng5 27.Ng1 Nfe4 28.Bxe4 Nxe4 29.Qd3 Qh4
30.Qe3 Nf2 31.Qxe8 Rxe8 32.Rxf2 Qd8 33.Nf3 b6 34.Ne5 c5 35.Rdf1 cxd4 36.cxd4 Qg5
37.Rf4 h5 38.Rf6 Rxe5 39.Rf8+  1-0

[Event "XV PRO AM Open"]
[Site "Villa Martelli ARG"]
[Date "2008.10.18"]
[Round "9"]
[White "Della Morte,G"]
[Black "Rodriguez Vila,A"]
[Result "1-0"]
[WhiteElo "2366"]
[BlackElo "2508"]

1.e4 d6 2.d4 Nf6 3.Nc3 c6 4.Be3 Ng4 5.Bg5 h6 6.Bh4 Qb6 7.Rb1 e5 8.dxe5 dxe5
9.h3 Nf6 10.Nf3 Bb4 11.Bd3 Qc7 12.Nd2 Be6 13.a3 Be7 14.Bg3 Nbd7 15.Qe2 b5
16.a4 a6 17.O-O O-O 18.axb5 axb5 19.Rfe1 g6 20.Kh1 Nh5 21.Bh2 Rad8 22.b4 Nb6
23.Nf3 f6 24.Nh4 Bf7 25.g4 Ng7 26.Nf3 g5 27.Qe3 Nc4 28.Bxc4 Bxc4 29.Nd2 Bf7
30.Nf1 Rd4 31.Qxd4 exd4 32.Bxc7 dxc3 33.Re3 Ba2 34.Ra1 Bc4 35.Ba5 Ra8 36.Ree1 Bf7
37.Ne3 Bd6 38.Red1 Be5 39.Bb6 Re8 40.Rd8 Rxd8 41.Bxd8 Ne6 42.Ra8 Kh7 43.Nf5 Nd4
44.Ra7 Nxf5 45.gxf5 Kg8 46.Ra8 Kg7 47.Rc8 Bh5 48.Bc7 Bf3+ 49.Kg1 Bxe4 50.Bxe5 fxe5
51.Ra8 c5 52.Ra7+ Kf6 53.bxc5 Bxc2 54.c6 Bxf5 55.c7 c2 56.Ra6+ Ke7 57.Rc6 Bc8
58.Rxc2 Kd6 59.f3 b4 60.Kf2 h5 61.Ke3 h4 62.Kd2 Kd5 63.Rc1 b3 64.Rc3 b2 65.Rb3 Bxh3
66.Rxb2 Kd6 67.Ke3 Kxc7 68.Ke4 Kd6 69.Rb6+ Ke7 70.Rg6 Bg2 71.Rxg5 Kf6  1-0

[Event "TCh-AUT 2nd Bundesliga West 2008-9"]
[Site "Austria AUT"]
[Date "2008.10.19"]
[Round "3"]
[White "Drabke,L"]
[Black "Eisenbeiser,A"]
[Result "1/2-1/2"]
[WhiteElo "2474"]
[BlackElo "2424"]

1.e4 d6 2.d4 Nf6 3.Nc3 e5 4.Nf3 Nbd7 5.Bc4 Be7 6.O-O O-O 7.Re1 a6 8.a4 b6
9.b3 Bb7 10.Bb2 c6 11.Bd3 Qc7 12.Ne2 d5  1/2-1/2

[Event "TCh-BEL 2008-9"]
[Site "Belgium BEL"]
[Date "2008.10.19"]
[Round "2"]
[White "Hamelink,D"]
[Black "Verduyn,F"]
[Result "1-0"]
[WhiteElo "2199"]
[BlackElo "2199"]

1.e4 d6 2.d4 Nf6 3.Nc3 c6 4.Bg5 Nbd7 5.f4 h6 6.Bh4 Qa5 7.Qd2 b5 8.Bd3 e5
9.Nf3 b4 10.Ne2 d5 11.dxe5 dxe4 12.exf6 g5 13.Bxe4 gxh4 14.Bxc6  1-0

[Event "24th ECC"]
[Site "Kallithea GRE"]
[Date "2008.10.19"]
[Round "3"]
[White "Aranovitch,E"]
[Black "Argandona Riveiro,I"]
[Result "0-1"]
[WhiteElo "2385"]
[BlackElo "2385"]

1.e4 d6 2.d4 Nf6 3.Nc3 e5 4.Nf3 Nbd7 5.Bc4 Be7 6.O-O O-O 7.Re1 a6 8.a4 b6
9.Nd5 Bb7 10.Nxe7+ Qxe7 11.Bd3 Rfe8 12.d5 Kh8 13.Bg5 h6 14.Bh4 g5 15.Bg3 Nf8
16.Nd2 Ng6 17.Nf1 Nf4 18.Ne3 Rg8 19.a5 b5 20.c4 bxc4 21.Bxc4 Nxe4 22.Nf5 Qf6
23.Nxh6 Qxh6 24.Rxe4 f5 25.Re1 Nh5 26.f3 Rg7 27.Qb3 Rag8 28.Qxb7 f4 29.Be2 fxg3
30.h3 Nf4 31.Bf1 g4 32.fxg4 Rxg4 33.Ra3 Qh4 34.Rae3 R4g7 35.Qb3 Qf6 36.Qc2 Nxd5
37.Rf3 Nf4 38.Bxa6 d5 39.Be2 e4 40.Rff1 Qd4+ 41.Kh1 Nxh3  0-1

[Event "24th ECC"]
[Site "Kallithea GRE"]
[Date "2008.10.19"]
[Round "3"]
[White "Zhang Pengxiang"]
[Black "Bellini,F"]
[Result "1-0"]
[WhiteElo "2636"]
[BlackElo "2489"]

1.e4 d6 2.d4 Nf6 3.Nc3 e5 4.Nge2 Be7 5.f3 exd4 6.Nxd4 O-O 7.Bc4 c6 8.Bb3 Na6
9.a3 Nc7 10.O-O d5 11.e5 Nd7 12.f4 f5 13.Be3 Nc5 14.Ba2 N5e6 15.Nce2 c5 16.Nxe6 Bxe6
17.c3 a5 18.Qe1 a4 19.Qf2 b6 20.Rad1 Qe8 21.h3 Kh8 22.Bb1 Qh5 23.Kh2 Bh4
24.g3 Be7 25.Bc2 Bd7 26.Rd2 Bc6 27.Rg1 Ne6 28.Bb1 Rad8 29.Ba2 Rd7 30.Qg2 Bb7
31.g4 fxg4 32.Qxg4 Qf7 33.Rgd1 h5 34.Qg3 g6 35.Bb1 Rg8 36.Rg1 Nf8 37.f5 gxf5
38.Qf4 Nh7 39.e6 Qxe6 40.Bxf5 Qd6 41.Rxg8+ Kxg8 42.Bxd7 Qxd7 43.Qg3+ Kf7
44.Nf4 Nf8 45.Nxh5  1-0

[Event "Ugra Cup"]
[Site "Khantiy Mansiysk RUS"]
[Date "2008.10.19"]
[Round "5"]
[White "Chuprov,D"]
[Black "Pridorozhni,A"]
[Result "1/2-1/2"]
[WhiteElo "2573"]
[BlackElo "2524"]

1.d4 d6 2.e4 Nf6 3.Nc3 e5 4.dxe5 dxe5 5.Qxd8+ Kxd8 6.Bc4 Be6 7.Bxe6 fxe6
8.f3 Bd6 9.Nh3 Nbd7 10.Be3 Ke7  1/2-1/2

[Event "III It"]
[Site "Zaragoza ESP"]
[Date "2008.10.19"]
[Round "2"]
[White "Reinaldo Castineira,R"]
[Black "Llorente Zaro,A"]
[Result "1-0"]
[WhiteElo "2516"]
[BlackElo "2424"]

1.e4 d6 2.d4 Nf6 3.Nc3 e5 4.Nge2 Nbd7 5.g3 c6 6.Bg2 b5 7.a3 Bb7 8.O-O a5
9.f4 Be7 10.Kh1 b4 11.Na4 O-O 12.c3 Re8 13.Be3 exd4 14.cxd4 c5 15.dxc5 Nxe4
16.cxd6 Bxd6 17.Nd4 Qf6 18.Re1 Rad8 19.Nb3 Qf5 20.Kg1 bxa3 21.bxa3 Bb8 22.Qb1 Ndf6
23.Nac5 Bd5 24.Nxa5 Bc7 25.Nab7 Ng4 26.Nxe4 Nxe3 27.Rxe3 Bb6 28.Nbc5 Bxc5
29.Nxc5 Qxb1+ 30.Rxb1 Rxe3 31.Bxd5 h5 32.Rd1 Kf8 33.a4 Rc3 34.Nb7 Rd7 35.a5 g6
36.Kf2 Rdc7 37.Rd2 Rc1 38.Rb2 Rd1 39.Bf3 Ra1 40.Be2 Rcc1 41.a6 Ke7 42.Rd2 Rc6
43.Rd5 Ra2 44.Ra5 Rb2 45.Nc5 Rd6 46.Ne4 Re6 47.Nc3  1-0

[Event "WYCC Boys U18"]
[Site "Vung Tau City VIE"]
[Date "2008.10.20"]
[Round "1"]
[White "Ludwig,Dan"]
[Black "Aharon,O"]
[Result "1-0"]
[WhiteElo "2400"]
[BlackElo "2118"]

1.e4 d6 2.d4 Nf6 3.Nc3 Nbd7 4.Nf3 e5 5.Bc4 Be7 6.O-O O-O 7.Re1 c6 8.a4 b6
9.h3 a6 10.d5 c5 11.Qd3 Ne8 12.g4 g6 13.Ne2 Nc7 14.Ng3 Rb8 15.Bh6 Re8 16.Qd2 b5
17.axb5 axb5 18.Bf1 Nb6 19.Ra7 Nc4 20.Qc3 Na6 21.b3 Na3 22.Qb2 Qa5 23.c3 b4
24.cxb4 cxb4 25.Be3 Bd8 26.Rc1 Nb5 27.Ra1 Na3 28.Nd2 Bh4 29.Bxa6 Bxa6 30.Nc4 Qb5
31.Nxd6 Qd3 32.Nxe8 Rxe8 33.Qd2 Bxg3 34.fxg3 Rd8 35.Qxd3 Bxd3 36.Bg5 Rb8
37.d6 Kg7 38.d7  1-0

[Event "III It"]
[Site "Zaragoza ESP"]
[Date "2008.10.20"]
[Round "3"]
[White "Rizouk,A"]
[Black "Cuenca Jimenez,J"]
[Result "1-0"]
[WhiteElo "2507"]
[BlackElo "2444"]

1.e4 d6 2.d4 Nf6 3.Nc3 e5 4.Nf3 Nbd7 5.Bc4 Be7 6.O-O O-O 7.a4 c6 8.Ba2 b6
9.Be3 Ng4 10.Bd2 Ngf6 11.h3 a6 12.Be3 Rb8 13.Nd2 b5 14.axb5 axb5 15.Ne2 c5
16.c3 Bb7 17.d5 Ne8 18.f4 exf4 19.Nxf4 Nef6 20.Nd3 c4 21.Nb4 Ne5 22.b3 cxb3
23.Bxb3 Nfd7 24.Nf3 Nxf3+ 25.Qxf3 Ne5 26.Qe2 Bg5 27.Bd4 Qd7 28.Ra5 Bd8 29.Ra7 Ra8
30.Rxa8 Bxa8 31.Ra1 Bb7 32.Ra7 Re8 33.Nc6 Bf6 34.Qxb5 Bxc6 35.dxc6 Nf3+ 36.Kh1 Rxe4
37.Ra8+ Bd8 38.Qf1  1-0

[Event "WYCC Boys U18"]
[Site "Vung Tau City VIE"]
[Date "2008.10.21"]
[Round "2"]
[White "Ponizil,C"]
[Black "Aharon,O"]
[Result "0-1"]
[WhiteElo "2251"]
[BlackElo "2118"]

1.e4 d6 2.d4 Nf6 3.Nc3 Nbd7 4.Nf3 e5 5.Bc4 Be7 6.Bxf7+ Kxf7 7.Ng5+ Kg8 8.Ne6 Qe8
9.Nxc7 Qg6 10.Nxa8 Qxg2 11.Rf1 exd4 12.Qxd4 Ne5 13.f4 Nfg4 14.Qd5+ Nf7 15.Qb5 Bd7
16.Qe2 Bh4+ 17.Kd2 Qh3 18.Rf3 Qxh2 19.Qxh2 Nxh2 20.Rd3 g5 21.Nd5 g4 22.b3 h5
23.Bb2 Rh6 24.Rh1 g3 25.Bd4 Bg4 26.Bg1 Bf3 27.Bxh2 Bxh1 28.Bxg3 Bd8 29.Re3 h4
30.Bf2 h3 31.Rg3+ Kf8 32.Bd4 Bh4 33.Rg1 Bg2  0-1

[Event "WYCC Boys U16"]
[Site "Vung Tau City VIE"]
[Date "2008.10.22"]
[Round "3"]
[White "Sethuraman,S"]
[Black "Nuri,Kam"]
[Result "1-0"]
[WhiteElo "2441"]
[BlackElo "2179"]

1.e4 d6 2.d4 Nf6 3.Nc3 e5 4.Nge2 Be7 5.g3 Bg4 6.Bg2 Qd7 7.h3 exd4 8.hxg4 dxc3
9.Nxc3 Nc6 10.g5 Ng8 11.Be3 Ne5 12.Qe2 f6 13.f4 Nf7 14.O-O-O fxg5 15.e5 Rd8
16.Bh3 g4 17.e6 Qxe6 18.Bxg4  1-0

[Event "WYCC Boys U18"]
[Site "Vung Tau City VIE"]
[Date "2008.10.22"]
[Round "3"]
[White "Chirila,I"]
[Black "Nguyen Manh Truong"]
[Result "1-0"]
[WhiteElo "2462"]
[BlackElo "2187"]

1.e4 d6 2.d4 Nf6 3.Nc3 e5 4.Nf3 Nbd7 5.Bc4 Be7 6.O-O O-O 7.Re1 c6 8.a4 b6
9.h3 a6 10.Bg5 h6 11.Bxf6 Bxf6 12.d5 c5 13.Ne2 g6 14.Ng3 Bg7 15.Bd3 Nf6 16.Nd2 h5
17.Ngf1 Nh7 18.c3 Ra7 19.b4 Bh6 20.bxc5 bxc5 21.Rb1 Bf4 22.Ne3 h4 23.Nec4 Ng5
24.Nf3 Qf6 25.Nxg5 Qxg5 26.Kh1 Qe7 27.Rb6 Rd8 28.Qe2 g5 29.Reb1 g4 30.hxg4 Qg5
31.Ne3 Bxe3 32.Qxe3 Qxe3 33.fxe3 Bxg4 34.Rxa6 Rxa6 35.Bxa6 f5 36.Bb7 Rb8
37.a5 Be2 38.exf5 h3 39.gxh3 Kf7 40.Kh2 Kf6 41.Rb6 Kxf5 42.Bc6 Rd8 43.a6 Bxa6
44.Rxa6 Ke4 45.Ra8 Rxa8 46.Bxa8 Kxe3 47.h4 Kd3 48.h5 e4 49.Bc6 e3 50.Bb5+ c4
51.Kg2 e2 52.Bxc4+ Kxc4 53.Kf2 Kd3 54.Ke1  1-0

[Event "WYCC Girls U18"]
[Site "Vung Tau City VIE"]
[Date "2008.10.22"]
[Round "3"]
[White "Perera,A"]
[Black "Palkova,K"]
[Result "0-1"]
[WhiteElo "1828"]
[BlackElo "2057"]

1.e4 d6 2.d4 Nf6 3.Nc3 c6 4.f4 Qa5 5.Bd3 e5 6.fxe5 dxe5 7.dxe5 Ng4 8.h3 Nxe5
9.Bf4 Bd6 10.Ne2 O-O 11.Qd2 Be6 12.Nd4 Qb6 13.Nb3 a5 14.Be3 Nxd3+ 15.Qxd3 Bg3+
16.Kf1 Qc7 17.Bf2 Bxf2 18.Kxf2 f5 19.Kg1 Nd7 20.Rd1 fxe4 21.Qxe4 Rae8 22.Qh4 Rf4
23.Qe1 Nf6 24.Qd2 Bd5 25.Nxd5 Nxd5 26.Rf1 Rxf1+ 27.Kxf1 Qg3 28.Nd4 Ne3+ 29.Kg1 Nxg2
30.Nf5 Re1+ 31.Qxe1 Qxe1+ 32.Kxg2 Qe4+  0-1

[Event "III It"]
[Site "Zaragoza ESP"]
[Date "2008.10.22"]
[Round "5"]
[White "Ramiro Ovejero,J"]
[Black "Cuenca Jimenez,J"]
[Result "1/2-1/2"]
[WhiteElo "2380"]
[BlackElo "2444"]

1.e4 d6 2.d4 Nf6 3.Nc3 e5 4.Nf3 Nbd7 5.Bc4 Be7 6.O-O O-O 7.Re1 c6 8.a4 b6
9.Bg5 a6 10.d5 cxd5 11.Bxd5 Rb8 12.Bc4 Bb7 13.Bxf6 Nxf6 14.Qe2 b5 15.axb5 axb5
16.Bxb5 Nxe4 17.Nxe4 Bxe4 18.Qxe4 Rxb5 19.Ra2 Qb6 20.Nd4 Rb4 21.c3 Rxb2 22.Rxb2 Qxb2
23.Nf5 Bd8 24.Nxd6 Bb6 25.Qe2 Qxc3 26.Qxe5 Bd4 27.Qe7 g6 28.Nb5 Qc5 29.Nxd4 Qxd4
30.g3  1/2-1/2

[Event "24th ECC"]
[Site "Kallithea GRE"]
[Date "2008.10.23"]
[Round "7"]
[White "Butler,K"]
[Black "Broekmeulen,Ja"]
[Result "1-0"]
[WhiteElo "2088"]
[BlackElo "2325"]

1.d4 d6 2.e4 Nf6 3.Nc3 e5 4.Nf3 exd4 5.Nxd4 Be7 6.Be2 O-O 7.O-O c5 8.Nf5 Bxf5
9.exf5 Nc6 10.Nd5 Nxd5 11.Qxd5 Bf6 12.c3 Re8 13.Bc4 Qd7 14.f4 Na5 15.Bd3 c4
16.Be4 Qc6 17.Bf3 Qb6+ 18.Kh1 Rac8 19.g4 Rc5 20.Qd2 Bh4 21.Rb1 Rc7 22.b3 cxb3
23.axb3 Nxb3 24.Qd5 Qa6 25.Bb2 Na5 26.g5 Nc4 27.Qd3 Re3 28.Qc2 Rxf3 29.Rxf3 Qc6
30.Qg2 Nd2 31.Re3 d5 32.Rd1 Nc4 33.Qxd5 Rc8 34.Qxc6 bxc6 35.Red3 Kf8 36.Bc1 Bf2
37.Rd8+ Rxd8 38.Rxd8+ Ke7 39.Rd3 a5 40.Rh3 Be1 41.Ba3+ Nxa3 42.Re3+ Kd6 43.Rxe1 Nc4
44.Kg2 a4 45.Kf2 Kd5 46.Re7 Nd6 47.Ra7 Ne4+ 48.Ke3 Nxc3 49.Kd3 Nd1 50.Rxf7 c5
51.Rd7+ Kc6 52.Rxg7 Kb6 53.f6 a3 54.f7 a2 55.f8=Q Nf2+ 56.Ke2 a1=Q 57.Qf6+  1-0

[Event "13th ECC w"]
[Site "Kallithea GRE"]
[Date "2008.10.23"]
[Round "7"]
[White "Lian,M"]
[Black "Olarasu,G"]
[Result "0-1"]
[WhiteElo "1869"]
[BlackElo "2297"]

1.e4 d6 2.d4 Nf6 3.Nc3 Nbd7 4.Be3 e5 5.Be2 Be7 6.h4 c6 7.Qd2 b5 8.f3 b4 9.Nd1 d5
10.g4 dxe4 11.g5 Nh5 12.Kf2 exd4 13.Qxd4 Qc7 14.Qxe4 Ng3 15.Qc4 Nxh1+ 16.Kg2 Ng3
17.Bf4 Bd6 18.Kxg3 Bxf4+ 19.Qxf4 Qxf4+ 20.Kxf4 f6 21.Ne3 Nb6 22.Nc4 Nd5+
23.Kg3 O-O 24.Na5 Ne3 25.Bd3 fxg5 26.hxg5 Bf5 27.Nxc6 Bxd3 28.cxd3 Nf5+ 29.Kg4 Rac8
30.Nxb4 Rb8 31.a3 a5 32.Nd5 Rxb2 33.Nf4 g6 34.Nge2 Rc8 35.d4 Rcc2 36.Re1 Rd2
37.d5 Ne3+ 38.Kg3 Nxd5 39.Rc1 Ne7 40.Nc3 Nf5+ 41.Kg4 Rh2  0-1

[Event "WYCC Boys U18"]
[Site "Vung Tau City VIE"]
[Date "2008.10.23"]
[Round "5"]
[White "Rabbitte,L"]
[Black "Nguyen Manh Truong"]
[Result "1/2-1/2"]
[WhiteElo "2012"]
[BlackElo "2187"]

1.e4 d6 2.d4 Nf6 3.Nc3 e5 4.Nf3 Nbd7 5.Bc4 Be7 6.O-O O-O 7.Re1 c6 8.a4 b6
9.d5 cxd5 10.Nxd5 Nxd5 11.Bxd5 Rb8 12.b3 Nf6 13.Ba3 Nxd5 14.Qxd5 Be6 15.Qd3 Qc7
16.Red1 Rbd8 17.c4 Qb7 18.Nd2 Kh8 19.Nf1 f5 20.Ne3 fxe4 21.Qe2 Qd7 22.Rd2 Rf6
23.Rad1 Bf7 24.Ng4 Bh5 25.Nxf6 Bxe2 26.Nxd7 Bxd1 27.Rxd1 Rxd7 28.Kf1 Kg8
29.Ke2 Kf7 30.Ke3 Rb7 31.Rd5 Ke6 32.Kxe4 Rb8 33.Bc1 h5 34.f4 exf4 35.Bxf4 g6
36.Bg5 Bf8 37.Bf4 Be7 38.Bg5 Bf8 39.Bd2 Re8 40.Bc3 Bh6 41.Bd2 Kd7+ 42.Kd3 Bxd2
43.Kxd2 Re5 44.Rxe5 dxe5 45.b4 a5 46.bxa5 bxa5 47.Ke3 Kd6 48.Ke4 g5 49.h3 Kc5
50.Kxe5 Kxc4 51.Kf5 g4 52.hxg4 hxg4 53.Kxg4 Kb4 54.Kf3 Kxa4 55.g4 Kb3 56.g5 a4
57.g6 a3 58.g7 a2 59.g8=Q+ Kb2 60.Qg7+ Kb1  1/2-1/2

[Event "WYCC Boys U16"]
[Site "Vung Tau City VIE"]
[Date "2008.10.23"]
[Round "5"]
[White "Tan Weiliang"]
[Black "Karayev,A"]
[Result "0-1"]
[WhiteElo "2040"]
[BlackElo "2283"]

1.e4 d6 2.d4 Nf6 3.Nc3 Nbd7 4.g3 e5 5.Nge2 Be7 6.Bg2 O-O 7.O-O c6 8.a4 b6
9.h3 a6 10.Be3 Bb7 11.g4 b5 12.Ng3 b4 13.Nce2 d5 14.dxe5 Nxe5 15.Bd4 Ng6
16.exd5 Nxd5 17.Nf5 f6 18.Nxe7+ Qxe7 19.Bxd5+ cxd5 20.f4 Rfe8 21.Ng3 Rac8
22.Qd2 Qc7 23.Rf2 a5 24.Kh2 Re7 25.Rg1 Rce8 26.c3 b3 27.Rgf1 Ba6 28.Rd1 Nh4
29.Rg1 Bc4 30.Kh1 Qc6 31.f5 h6 32.Qf4 Bd3 33.Kh2 Re4 34.Nxe4 dxe4 35.Rg3 Bc2
36.Re3 Qxa4 37.Qd6 Nf3+ 38.Kg3 Ng5 39.Qd5+ Nf7 40.h4 Rd8 41.Qe6 Qa1 42.g5 hxg5
43.hxg5 fxg5 44.Kg2 Qd1 45.Qg6 Rxd4 46.f6 Qg4+ 47.Rg3 Qf3+ 48.Kh3 g4+ 49.Qxg4 Qxg4+
50.Rxg4 Rd3+ 51.Kg2 g5 52.Rxe4 Rd1 53.Re7 a4 54.Ra7 Ra1 55.Kg3 a3 56.bxa3 b2
57.Rh2 b1=Q  0-1

[Event "III It"]
[Site "Zaragoza ESP"]
[Date "2008.10.23"]
[Round "6"]
[White "Antoli Royo,J"]
[Black "Ramiro Ovejero,J"]
[Result "1-0"]
[WhiteElo "2425"]
[BlackElo "2380"]

1.e4 d6 2.d4 Nf6 3.Nc3 e5 4.Nge2 Be7 5.f3 O-O 6.Be3 exd4 7.Qxd4 Nc6 8.Qd2 Ne5
9.Ng3 c6 10.f4 Neg4 11.Bd4 d5 12.h3 Nh6 13.exd5 Nxd5 14.O-O-O Nxf4 15.Qf2 Qa5
16.Be3 Ng6 17.Kb1 Nf5 18.Nxf5 Bxf5 19.h4 Bg4 20.Rd4 Be6 21.h5 Ne5 22.Qg3 Nd7
23.Ra4 Qe5 24.Bf4 Qc5 25.Ne4 Qb6 26.Bc7  1-0

[Event "TCh-HUN 2008-9"]
[Site "Kazincbarcika HUN"]
[Date "2008.10.26"]
[Round "1"]
[White "Dovzik,J"]
[Black "Somlai,L"]
[Result "1-0"]
[WhiteElo "2374"]
[BlackElo "2375"]

1.e4 d6 2.d4 Nf6 3.Nc3 e5 4.Nf3 Nbd7 5.Bc4 Be7 6.O-O O-O 7.Re1 c6 8.a4 a5
9.h3 h6 10.Bf1 Re8 11.b3 Bf8 12.Bb2 Nh7 13.Qd2 Ng5 14.Nxg5 hxg5 15.Rad1 exd4
16.Qxd4 Ne5 17.Re3 Re6 18.Rg3 Qe7 19.Qe3 Rg6 20.Ne2 g4 21.Nf4 Rh6 22.Nd3 Nxd3
23.Bxd3 Qh4 24.Bf1 gxh3 25.gxh3 Be6 26.Bg2 f5 27.Qc3 Qe7 28.exf5 Bxf5 29.Re1 Qf7
30.Ree3 d5 31.Ref3 Rg6 32.Qe5 Bd6 33.Qxf5 Qxf5 34.Rxf5 Bxg3 35.fxg3 Rxg3
36.Kf2 Rg6 37.Bc3 Rd6 38.Bd4 g6 39.Rf4 Rd7 40.Bf3 b5 41.Rf6 bxa4 42.bxa4 Rb8
43.Rxg6+ Kh7 44.Rxc6 Rb4 45.c3 Rxa4 46.Rc5 Ra2+ 47.Kg3 a4 48.Bxd5 Rd2 49.Be4+ Kg8
50.Bd5+ Kh7 51.Ra5 a3 52.Kf4 a2 53.Ke3 Rh2 54.Bxa2 Rxh3+ 55.Kd2 Rh2+ 56.Kd3 Kg6
57.Be6 Rd6 58.Bd5 Rh3+ 59.Kc4 Rd8 60.Ra6+ Kh7 61.Rc6  1-0

[Event "WYCC Boys U16"]
[Site "Vung Tau City VIE"]
[Date "2008.10.26"]
[Round "7"]
[White "Kilpatrick,C"]
[Black "Karayev,A"]
[Result "1-0"]
[WhiteElo "2184"]
[BlackElo "2283"]

1.e4 d6 2.d4 Nf6 3.Nc3 Nbd7 4.g4 c5 5.g5 cxd4 6.Qxd4 Nh5 7.Be3 e5 8.Qd2 Nb6
9.Be2 Nf4 10.Bxf4 exf4 11.Qxf4 Be7 12.Nf3 O-O 13.O-O-O f6 14.g6 hxg6 15.Qg3 g5
16.h4 g4 17.Nd4 f5 18.exf5 Bd7 19.Qxg4 Rc8 20.Rhg1 Bf6 21.h5 Rxc3 22.bxc3 Qc7
23.Rg3 Qc5 24.h6 Qa3+ 25.Kd2 g5 26.Qh5 Be8 27.Qf3 Bf7 28.Rdg1 Nd5 29.Bc4 Qa5
30.Bxd5 Bxd5 31.Qe3 Kh8 32.Rxg5 b5 33.h7 Qd8 34.Rg8+ Kxh7 35.Qh3+  1-0

[Event "WYCC Boys U14"]
[Site "Vung Tau City VIE"]
[Date "2008.10.26"]
[Round "7"]
[White "Malureanu,C"]
[Black "Juhasz,Kr"]
[Result "1/2-1/2"]
[WhiteElo "1948"]
[BlackElo "2214"]

1.e4 d6 2.d4 Nf6 3.Nc3 e5 4.Nge2 Be7 5.g3 c6 6.Bg2 h5 7.h3 b5 8.a3 Nbd7 9.Be3 Qc7
10.Nc1 Rb8 11.Nd3 h4 12.g4 Nh7 13.f4 Bf6 14.dxe5 dxe5 15.f5 Bg5 16.Bf2 Nhf6
17.O-O a6 18.Ne1 Qd8 19.Qd6 Rh6 20.Qd3 Qe7 21.Nf3 Nh7 22.Rad1 Bb7 23.Nxg5 Nxg5
24.Be3 Rd8 25.Qe2 Rh8 26.Rd2 Nh7 27.Rfd1 g5 28.Bb6 Nxb6 29.Rxd8+ Qxd8 30.Rxd8+ Kxd8
31.b3 f6 32.a4 Kc7 33.axb5 axb5 34.Nd1 Rd8 35.Nb2 Nf8 36.c4 Ba6 37.Qc2 bxc4
38.Nxc4 Bxc4 39.bxc4 c5 40.Bf1 Nfd7 41.Be2 Ra8 42.Qc3 Ra7 43.Bd1 Ra8 44.Kf1 Nb8
45.Bb3 Nc6 46.Qb2 Nd4 47.Bd1 Ra5 48.Bb3 Ra7 49.Bd1 Ra8 50.Be2 Ra4 51.Ke1 Ra5
52.Bf1 Ra4 53.Bd3 Ra8 54.Be2 Ra7 55.Bd3 Kc6 56.Be2 Kc7 57.Bd3 Ra4 58.Be2  1/2-1/2

[Event "I Gedeon Barcza Mem"]
[Site "Budapest HUN"]
[Date "2008.10.27"]
[Round "10"]
[White "Papp,Ga"]
[Black "Ruck,R1"]
[Result "1/2-1/2"]
[WhiteElo "2509"]
[BlackElo "2574"]

1.e4 d6 2.d4 Nf6 3.Nc3 e5 4.Nf3 Nbd7 5.Bc4 Be7 6.O-O O-O 7.Re1 c6 8.a4 b6
9.d5 cxd5 10.Bxd5 Nxd5 11.Nxd5 Nf6 12.Nxf6+ Bxf6 13.c4 Bb7 14.b3 Be7 15.Qd3 Qc8
16.Ba3 Qe6 17.Rad1 g6 18.Nd2 Rad8 19.Nb1 f5 20.f3 fxe4 21.fxe4 Rf7 22.Nc3 Rdf8
23.Rf1 Rxf1+ 24.Rxf1 Rxf1+ 25.Kxf1 Kf7 26.Kg1 Ke8 27.h3 Kd7 28.a5 bxa5 29.Qe3 Qg8
30.Qxa7 Qa8 31.Qe3 Bc6 32.Nd5 Bxd5 33.exd5 Qb7 34.Kh2 Ke8 35.Kh1 Qb8 36.c5 dxc5
37.Bxc5 Qc7 38.Ba7 Bd6 39.Bd4 Kd7 40.Bc3 Qc5 41.Qxc5 Bxc5 42.Bxe5 Bd6 43.Bc3 Bc7
44.g4 Kd6 45.Kg2 Kxd5 46.Kf3 h5 47.gxh5 gxh5 48.Ke3 Bd8 49.Kf4 Bc7+ 50.Kg5 Ke4
51.Kxh5 Kd3 52.Bf6 Bg3 53.Kg4 Be1 54.Kf3 Kc2 55.Ke2 Bb4 56.h4 Kxb3 57.Bg7 Be7
58.h5 Bg5 59.h6 Bxh6 60.Bxh6  1/2-1/2

[Event "12th Corsica Masters KO"]
[Site "Ajaccio FRA"]
[Date "2008.10.28"]
[Round "2.1"]
[White "Mamedyarov,S"]
[Black "Agrest,E"]
[Result "1-0"]
[WhiteElo "2731"]
[BlackElo "2574"]

1.d4 d6 2.e4 Nf6 3.Nc3 e5 4.Nf3 Nbd7 5.g4 Nxg4 6.Rg1 Ngf6 7.Be3 c6 8.Qd2 b5
9.a3 Bb7 10.O-O-O Qa5 11.Kb1 b4 12.axb4 Qxb4 13.dxe5 Nxe5 14.Nxe5 dxe5 15.Bh3 Be7
16.Bd7+ Nxd7 17.Qxd7+ Kf8 18.Qc7 Ba6 19.Rd7 Rb8 20.b3 Re8 21.Na2 Qa3 22.Qxa7 Kg8
23.Bc1 Qc5 24.Qxa6 Qxf2 25.Rxe7  1-0

[Event "WYCC Boys U18"]
[Site "Vung Tau City VIE"]
[Date "2008.10.28"]
[Round "9"]
[White "Kaisar,J"]
[Black "Aharon,O"]
[Result "1-0"]
[WhiteElo "2189"]
[BlackElo "2118"]

1.e4 d6 2.d4 Nf6 3.Nc3 Nbd7 4.Bc4 e5 5.Nf3 Be7 6.O-O O-O 7.a4 c6 8.Re1 b6
9.Bg5 a6 10.Qe2 Bb7 11.Rad1 Qc7 12.d5 cxd5 13.Bxd5 Bxd5 14.Rxd5 Rfc8 15.Nh4 Qc4
16.Rd3 g6 17.g3 b5 18.Ng2 Bf8 19.Ne3 Qc6 20.Qf3 b4 21.Bxf6 Nxf6 22.Ncd5 Nxd5
23.Nxd5 Rab8 24.b3 Qxc2 25.Red1 Rb7 26.h4 Qb2 27.h5 Rc1 28.Kg2 Qb1 29.g4 f5
30.Rxc1 Qxc1 31.exf5 Rf7 32.Ne3 gxf5 33.Nxf5 Qg5 34.Qd5 Qf4 35.Rf3 Qg5 36.Ng3 Qg7
37.g5 Be7 38.Nf5  1-0

[Event "Grand Prix CCAS"]
[Site "Cap D'Agde FRA"]
[Date "2008.10.30"]
[Round "7"]
[White "Milliet,S"]
[Black "Bissieres,M"]
[Result "1-0"]
[WhiteElo "2366"]
[BlackElo "2261"]

1.e4 d6 2.d4 Nf6 3.Nc3 e5 4.Nf3 Nbd7 5.g4 Nxg4 6.Rg1 Ngf6 7.Bc4 h6 8.Be3 c6
9.dxe5 dxe5 10.Qd3 b5 11.Bb3 Qe7 12.O-O-O Bb7 13.Nh4 Nc5 14.Bxc5 Qxc5 15.Qf3 Bc8
16.Nf5 Bxf5 17.Qxf5 a5 18.a4 b4 19.Ne2 Qe7 20.f4 Nd7 21.fxe5 Nxe5 22.Nf4 Qf6
23.Nh5 Qxf5 24.exf5 Rh7 25.f6 Bc5 26.fxg7  1-0